CONTEMPORARY ABSTRACT ALGEBRA (Record no. 9506)

MARC details
000 -LEADER
fixed length control field 00447nam a22001577a 4500
003 - CONTROL NUMBER IDENTIFIER
control field SGT
020 ## - INTERNATIONAL STANDARD BOOK NUMBER
International Standard Book Number 9788173192692
082 ## - DEWEY DECIMAL CLASSIFICATION NUMBER
Classification number 512.02,GAL
100 ## - MAIN ENTRY--PERSONAL NAME
Personal name JOSEPH A. GALLIAN
245 ## - TITLE STATEMENT
Title CONTEMPORARY ABSTRACT ALGEBRA
260 ## - PUBLICATION, DISTRIBUTION, ETC. (IMPRINT)
Place of publication, distribution, etc NEW DELHI
Name of publisher, distributor, etc NAROSA PUBLISHING HOUSE
Year of Publication 1999
300 ## - PAGE DESCRIPTION
No. of Pages 853
650 ## - SUBJECT ADDED ENTRY--TOPICAL TERM
Topical term or geographic name as entry element ABSTRACT ALGEBRA
700 ## - ADDED ENTRY--PERSONAL NAME
Personal name INTEGERS AND EQUIVALENCE RELATIONS, GROUPS, ISOMORPHISMS, EXTERNAL DIRECT PRODUCTS
942 ## - ADDED ENTRY ELEMENTS (KOHA)
Source of classification or shelving scheme Dewey Decimal Classification
Koha item type FPS Books
942 ## - ADDED ENTRY ELEMENTS (KOHA)
-- 16
Holdings
Withdrawn status Lost status Source of classification or shelving scheme Damaged status Not for loan Collection code Home library Current library Shelving location Date acquired Vendor Name Cost, normal purchase price SGTU Bill Number Full call number Accession No. (Barcode) Date last seen Bill Date Koha item type Total Checkouts Date last borrowed Total Renewals
    Dewey Decimal Classification   Not For Loan SCIENCE SGT Science & Social Sciences Library SGT Science & Social Sciences Library Reference Book 06/07/2016 KIRTI PRKASHAN 375.00 SGTU 2947 512.02,GAL PS969 06/07/2016 19/09/2015 FPS Books      
    Dewey Decimal Classification     SCIENCE SGT Science & Social Sciences Library SGT Science & Social Sciences Library Text Book 03/09/2016 AHUJA BOOK 175.00 SGTU 7161 512.02,GAL PS2376 21/02/2024 16/08/2016 FPS Books 7 13/02/2024  
    Dewey Decimal Classification     SCIENCE SGT Science & Social Sciences Library SGT Science & Social Sciences Library Text Book 03/09/2016 AHUJA BOOK 175.00 SGTU 7161 512.02,GAL PS2377 09/06/2025 16/08/2016 FPS Books 4 19/05/2025  
    Dewey Decimal Classification     SCIENCE SGT Science & Social Sciences Library SGT Science & Social Sciences Library Text Book 03/09/2016 AHUJA BOOK 175.00 SGTU 7161 512.02,GAL PS2378 02/07/2025 16/08/2016 FPS Books 10 20/05/2025  
    Dewey Decimal Classification     SCIENCE SGT Science & Social Sciences Library SGT Science & Social Sciences Library Text Book 03/09/2016 AHUJA BOOK 175.00 SGTU 7161 512.02,GAL PS2379 19/03/2025 16/08/2016 FPS Books 8 19/02/2025 1